Wszyscy skoczkowie, którzy prowadzili po 1 serii konkursów PŚ w XXI w. - Statystyki

Ogólne statystyki
  • Ten quiz został rozwiązany 23 razy
  • Średni wynik to 63 z 92
Statystyki odpowiedzi
Kraj Zawodnik % Poprawnych
Polska Adam Małysz
94%
Słowenia Cene Prevc
94%
Polska Dawid Kubacki
94%
Słowenia Domen Prevc
94%
Polska Kamil Stoch
94%
Japonia Noriaki Kasai
94%
Słowenia Peter Prevc
94%
Polska Piotr Żyła
94%
Japonia Ryōyū Kobayashi
94%
Austria Thomas Morgenstern
94%
Polska Aleksander Zniszczoł
89%
Niemcy Andreas Wellinger
89%
Austria Gregor Schlierenzauer
89%
Finlandia Janne Ahonen
89%
Polska Jan Ziobro
89%
Szwajcaria Simon Ammann
89%
Austria Stefan Kraft
89%
Słowenia Anže Lanišek
83%
Austria Daniel Tschofenig
83%
Czechy Jakub Janda
83%
Szwajcaria Killian Peier
83%
Polska Krzysztof Biegun
83%
Polska Maciej Kot
83%
Austria Michael Hayböck
83%
Austria Andreas Kofler
78%
Norwegia Andreas Stjernen
78%
Finlandia Antti Aalto
78%
Norwegia Daniel-André Tande
78%
Rosja Evgeniy Klimov
78%
Austria Jan Hörl
78%
Norwegia Johann André Forfang
78%
Austria Manuel Fettner
78%
Niemcy Markus Eisenbichler
78%
Niemcy Martin Schmitt
78%
Finlandia Matti Hautamäki
78%
Niemcy Richard Freitag
78%
Norwegia Robert Johansson
78%
Słowenia Robert Kranjec
78%
Czechy Roman Koudelka
78%
Niemcy Sven Hannawald
78%
Słowenia Timi Zajc
78%
Norwegia Anders Bardal
72%
Norwegia Anders Fannemel
72%
Japonia Daiki Itō
72%
Austria Daniel Huber
72%
Rosja Dmitriy Vassiliev
72%
Niemcy Karl Geiger
72%
Norwegia Marius Lindvik
72%
Austria Philipp Aschenwald
72%
Niemcy Severin Freund
72%
Polska Stefan Hula
72%
Norwegia Anders Jacobsen
67%
Norwegia Halvor Egner Granerud
67%
Finlandia Harri Olli
67%
Finlandia Janne Happonen
67%
Słowenia Jernej Damjan
67%
Słowenia Jurij Tepeš
67%
Japonia Kazuyoshi Funaki
67%
Niemcy Pius Paschke
67%
Austria Thomas Diethart
67%
Szwajcaria Andreas Küttel
61%
Niemcy Andreas Wank
61%
Austria Andreas Widhölzl
61%
Norwegia Bjørn Einar Romøren
61%
Słowenia Jaka Hvala
61%
Czechy Jan Matura
61%
Norwegia Tom Hilde
61%
Norwegia Tom Hilde
61%
Austria Wolfgang Loitzl
61%
Finlandia Anssi Koivuranta
56%
Austria Martin Höllwarth
56%
Austria Martin Koch
56%
Niemcy Michael Uhrmann
56%
Słowenia Primož Peterka
56%
Norwegia Sigurd Pettersen
56%
Finlandia Arttu Lappi
50%
Austria Florian Liegl
50%
Norwegia Roar Ljøkelsøy
50%
Norwegia Johan Remen Evensen
44%
Norwegia Kenneth Gangnes
44%
Słowenia Rok Urbanc
44%
Finlandia Tami Kiuru
44%
Finlandia Veli-Matti Lindström
44%
Austria Christian Nagiller
39%
Norwegia Lars Bystøl
39%
Niemcy Marinus Kraus
39%
Finlandia Risto Jussilainen
39%
Słowenia Damjan Fras
33%
Japonia Fumihisa Yumoto
33%
Austria Mathias Hafele
28%
Szwecja Kristoffer Jaafs
22%
Austria Ulrich Wohlgenannt
11%
Nie znaleziono quizów pasujących do podanych kryteriów
Rozkład punktacji
Procent ludzi z każdym wynikiem
Percentyl według liczby udzielonych odpowiedzi
Twoja historia wyników
Nie rozwiązałeś tego quizu